000 00256nam a22001337a 4500
999 _c160902
_d160902
020 _a
082 _a
_b
100 _aKamaleswar
245 _aKatha samskrithi/
_cby Kamaleswar.
260 _a
_b
_c
300 _a699p.
650 _a
942 _cBK